Italian Language Adj./Adv. - variety - Statistics

General Stats
  • This quiz has been taken 45 times
  • The average score is 16 of 23
Answer Stats
Hint Answer % Correct
advanced avanzata (o)
100%
difficult/hard dificile
100%
easy facile
100%
spacious spaziosa (o)
100%
closed chiusa (o)
80%
compact compatta (o)
80%
intermediate intermedia (o)
80%
shiny lucida (o)
80%
orderly/tidy ordinata (o)
80%
simple semplice
80%
on accesa (o)
60%
sharp affilata (o)
60%
opened aperta (o)
60%
clear chiara (o)
60%
messy dissordinata (o)
60%
beginner principiante
60%
clean pulita (o)
60%
dull smusatta (o)
60%
off spenta (o)
60%
dirty sporca (o)
60%
crowded affollata (o)
40%
matte/flat opaca (o)
40%
blurry sfoccata (o)
40%
No matching quizzes found
Score Distribution
Percent of People with Each Score
Percentile by Number Answered
Your Score History
You have not taken this quiz